[Event "Landesliga Nord 0708"]
[Site "Bayern"]
[Date "2008.03.09"]
[Round "7.7"]
[White "Dirmeier, Matthias"]
[Black "Heimerl, Gerd"]
[Result "1-0"]
[WhiteElo "1971"]
[BlackElo "1584"]
[PlyCount "109"]
[EventDate "2007.10.21"]
[EventType "team-tourn"]
[EventRounds "9"]
[EventCountry "GER"]
[SourceTitle "EXT 2009"]
[Source "ChessBase"]
[SourceDate "2008.11.26"]
[SourceVersion "1"]
[SourceVersionDate "2008.11.26"]
[SourceQuality "1"]
[WhiteTeam "Schwandorf"]
[BlackTeam "Marktleuthen"]
[WhiteTeamCountry "GER"]
[BlackTeamCountry "GER"]

1. e4 d6 2. d4 Nf6 3. Nc3 c6 4. f4 Bg4 5. Qd3 Bd7 6. Nf3 e6 7. h3 Na6 8. Be3 Nh5 9. 0-0-0 Ng3 10. Rg1 Nxf1 11. Rgxf1 Qa5 12. Kb1 Nb4 13. Qe2 Qc7 14. a3 Na6 15. d5 Be7 16. dxe6 fxe6 17. Ng5 0-0 18. Qh5 Bxg5 19. Qxg5 Be8 20. f5 e5 21. f6 Bg6 22. h4 Qd8 23. h5 gxf6 24. Qg4 Kg7 25. hxg6 hxg6 26. Qe6 Nc7 27. Qxd6 Qxd6 28. Rxd6 Ne8 29. Rd7+ Rf7 30. Rfd1 b6 31. Bh6+ Kg8 32. Be3 Kg7 33. a4 c5 34. Nb5 a6 35. Nc7 Nxc7 36. Rxf7+ Kxf7 37. Rd7+ Ke6 38. Rxc7 Rb8 39. Rc6+ Kf7 40. a5 bxa5 41. Bxc5 f5 42. Rxa6 Rb5 43. Bb6 Rb4 44. exf5 gxf5 45. Bd8 Ke8 46. Bxa5 Re4 47. b4 Re2 48. b5 Kd7 49. Ra7+ Kc8 50. Rg7 f4 51. Bb4 Re4 52. c3 Re1+ 53. Kc2 e4 54. b6 Re2+ 55. Kd1 1-0